El método de elementos finitos en mecánica del continuo /

Guardado en:
Autor Principal: Reyes, Jorge A.
Otros Autores: Rossi, R. E.
Formato: Libro
Idioma:Spanish
Publicado: Bahía Blanca : Universidad Nacional del Sur. Instituto de ingeniería, 1972.
Etiquetas: Agregar Etiqueta
Sin Etiquetas, Sea el primero en etiquetar este registro!
LEADER 00531nam a22001575a 4500
001 EUN.um033369
003 AR-BaUNS
005 20050623122907.0
008 041125s1972####ag############000#0#spa#d
245 1 3 |a El método de elementos finitos en mecánica del continuo /  |c Jorge A. Reyes, R. E. Rossi. 
260 |a Bahía Blanca :  |b Universidad Nacional del Sur. Instituto de ingeniería,  |c 1972. 
300 |a 44 h. 
100 1 |a Reyes, Jorge A. 
700 1 |a Rossi, R. E. 
082 0 4 |a 621 
859 |a Ar-BaUNS  |b BIB. CENTRAL - Sector A  |h 621  |i R331  |p 67802/973